Diseño de 4 kilómetros de la estructura de pavimento flexible del tramo Tastasli – Yumpali, municipio de Jalapa, Nueva Segovia, aplicando el método ASSHTO - 93
Presenta el diseño de 4 kilómetros de la estructura de pavimento flexible del tramo Tastasli – Yumpali, municipio de Jalapa, Nueva Segovia, aplicando el método ASSHTO – 93, mediante un análisis de transito que determino el número de repeticiones de ejes equivalentes ESAL’S, así como las caract...
| Main Authors: | , , |
|---|---|
| Other Authors: | |
| Format: | Tesis Section = Libro |
| Language: | Undetermined Spanish |
| Published: |
Managua
UNI/RUACS
2014
|
| Subjects: |
| LEADER | 01409nam a2200301Ia 4500 | ||
|---|---|---|---|
| 008 | 240830s9999 xx 000 0 und d | ||
| 040 | |a BIBLIOTECA-RUPAP T.Mon 625.8 P438 | ||
| 041 | |a spa | ||
| 082 | |a T.Mon 625.8 P438 | ||
| 100 | 1 | |a Pérez Rodríguez, Alex Tomas | |
| 100 | 1 | |b Elvir Castellón, Jorge Alberto | |
| 100 | 1 | |c Arancibia Meza, Cristian Josué | |
| 245 | 1 | 0 | |a Diseño de 4 kilómetros de la estructura de pavimento flexible del tramo Tastasli – Yumpali, municipio de Jalapa, Nueva Segovia, aplicando el método ASSHTO - 93 |
| 260 | |a Managua |b UNI/RUACS |c 2014 | ||
| 300 | |a 73 p. :il. | ||
| 500 | |a Contiene: anexos. | ||
| 502 | |a Tesis (Ingeniero Civil)- UNI, 2014. | ||
| 520 | 3 | |a Presenta el diseño de 4 kilómetros de la estructura de pavimento flexible del tramo Tastasli – Yumpali, municipio de Jalapa, Nueva Segovia, aplicando el método ASSHTO – 93, mediante un análisis de transito que determino el número de repeticiones de ejes equivalentes ESAL’S, así como las características físico mecánicas de los suelos existentes a lo largo de la vía. | |
| 650 | 7 | |a PAVIMENTO | |
| 650 | 7 | |b PAVIMENTO DE CARRETERAS | |
| 650 | 7 | |c PAVIMENTO FLEXIBLE | |
| 650 | 7 | |e ESTUDIO DE SUELO | |
| 650 | 7 | |f ESTUDIO DE TRANSIO | |
| 650 | 7 | |g PAVIMENTO DISEÑO | |
| 700 | 1 | |a Tutor: |b Pérez Blandón, Keyling Ninoska | |
| 942 | |c BK |2 ddc | ||
| 991 | |a TESIS | ||
| 999 | |c 18242 | ||